01781nam a2200325 4500003000900000005001700009008004100026040004600067041000800113082002700121092000700148099004200155100004400197245019900241264006600440300002800506336002200534337002400556338003300580504006200613650005400675650006200729856005700791905001300848942001900861999001700880952018600897952018601083952018601269EG-GICUC20260121101239.0251118s2007 ua ||||fr|||| 00| 0 ara d a EG-GICUCbarac EG-GICUCd EG-GICUCerda0 aara04221a341.76bس ا . ح04221 aLaw1 11 341.76 س ا . ح 1 ed - 20070 aمحمد سامح عمروeمؤلف.12aالحماية الدولية للتراث الثقافى المغمور بالمياه :bدراسة لأهم أحكام اتفاقية اليونسكو(2001) /cمحمد سامح عمرو. 1aالقاهرة :bدار النهضة العربية،c2007. a442 ؛صفحةc24 سم 2rda contentatext 2rda mediaaComputer 2rda carrieraOnline Resource aيشتمل على إرجاعات بيلوجرافية. 1 a العلاقات الثقافية الدولية1 aالحماية الدولية للتراث الثقافى40uhttps://fll.law.cu.edu.eg/fulltext/bks/B11-06053.pdf a75eYara 2ddcn0cBKe21 c44215d44215 00102ddc40718القانون الدولي العامaCUbLAW1d2025-11-18l0oLaw1 11 341.76 س ا . ح 1 ed - 2007 1106053 C1pB11-06053r2025-11-18 15:25:24t1w2025-11-18yBK 00102ddc40708القانون الدولي العامaCUbLAW1d2025-11-18l0oLaw1 11 341.76 س ا . ح 1 ed - 2007 1106228 C2pB11-06228r2025-11-18 15:25:42t2w2025-11-18yBK 00102ddc40718القانون الدولي العامaCUbLAW2d2025-11-18l0oLaw2 11 341.76 س ا . ح 1 ed - 2007 1106229 C3pB11-06229r2025-11-18 15:26:05t3w2025-11-18yBK